| 000 | 00403nam a2200145 a 4500 | ||
|---|---|---|---|
| 001 | 1642 | ||
| 003 | CDMR | ||
| 005 | 20130116135213.0 | ||
| 008 | 130130s1974||||||||||||||||||||||||||||d | ||
| 040 |
_aCDMR _bcat _cCDMR |
||
| 100 | 1 |
_aMartínez Roura, Joaquín María _91242 |
|
| 245 | 1 | 0 |
_aInformación y formación religiosa en televisión _cJoaquin Mª Martinez Roura |
| 260 |
_aBarcelona _c1974 |
||
| 942 | _cTSN | ||
| 999 |
_c1642 _d1642 |
||